Marketing Theory Evolution and Evaluation

Gespeichert in:
Bibliographische Detailangaben
1. Verfasser: Sheth, Jagdish N.
Weitere Verfasser: Gardner, David M., Garrett, Dennis E.
Format: Buch
Sprache:Englisch
Veröffentlicht: New York John Wiley and Sons 1988
Ausgabe:1. ed.
Schlagworte:
Tags: Tag hinzufügen
Keine Tags, Fügen Sie das erste Tag hinzu!

MARC

LEADER 00000nam a2200000 4500
001 c020217
005 20221206134347.3
020 |a 0-471-63527-8 
041 0 |a eng 
044 |a US 
245 1 0 |a Marketing Theory  |b Evolution and Evaluation  |c Jagdish N. Sheth, David M. Gardner, Dennis E. Garrett 
250 |a 1. ed. 
264 1 |a New York  |b John Wiley and Sons  |c 1988 
300 |a 231 s. 
610 2 0 |a marketing 
610 2 0 |a teória trhu 
610 2 0 |a teórie ekonomické 
610 2 0 |a zmeny štruktúrne 
610 2 0 |a teória obchodu 
100 1 |a Sheth, Jagdish N. 
700 1 |a Gardner, David M. 
700 1 |a Garrett, Dennis E.